000 00447cam a22001577a 4500
008 180718b2012 xxu||||| |||| 00| 0 eng d
020 _a9788131605257
082 _aK18x54 Sr38
245 _aBureaucracy in action
_cedited by I.C. Srivastava, B.D. Joshi
260 _aJaipur
_bRawat
_c2012
300 _a221p.
650 _aPublic administration -- India
650 _aBureaucracy -- India
700 _aJoshi, B.D.
700 _aSrivastava, I.C.
999 _c443153
_d443153